Bayani. (Record no. 108594)
[ view plain ]
| 000 -LEADER | |
|---|---|
| fixed length control field | 00259nam a2200121 a 4500 |
| 005 - DATE AND TIME OF LATEST TRANSACTION | |
| control field | 20140414093829.0 |
| 008 - FIXED-LENGTH DATA ELEMENTS--GENERAL INFORMATION | |
| fixed length control field | 970101s19uu xx 00 eng d |
| 050 ## - LIBRARY OF CONGRESS CALL NUMBER | |
| Classification number | VHS 800 |
| Item number | R 30 |
| 245 #0 - TITLE STATEMENT | |
| Title | Bayani. |
| 440 ## - SERIES STATEMENT/ADDED ENTRY--TITLE | |
| Title | Vol. 2 |
| 942 ## - ADDED ENTRY ELEMENTS (KOHA) | |
| Koha item type | Audio Visual Materials |
| Withdrawn status | Lost status | Damaged status | Home library | Current library | Shelving location | Date acquired | Source of acquisition | Total Checkouts | Full call number | Barcode | Date last seen | Price effective from | Koha item type |
|---|---|---|---|---|---|---|---|---|---|---|---|---|---|
| Luxembourg Library | Luxembourg Library | Audio Visual Material Section | 04/29/2003 | VHS 800 R 30 | R80030 | 04/14/2014 | 04/14/2014 | Audio Visual Materials |